Doest micro-credit empower women?: evidence from Bangladesh (Record no. 289421)

000 -LEADER
fixed length control field 00481cam a22001337a 4500
008 - FIXED-LENGTH DATA ELEMENTS--GENERAL INFORMATION
fixed length control field 180718b2003 xxu||||| |||| 00| 0 eng d
100 ## - MAIN ENTRY--PERSONAL NAME
Personal name Pitt, Mark M.
245 ## - TITLE STATEMENT
Title Doest micro-credit empower women?: evidence from Bangladesh
Statement of responsibility, etc. by Mark M. Pitt, Shahidur R. Khandker and Jennifer Cartwright
260 ## - PUBLICATION, DISTRIBUTION, ETC.
Place of publication, distribution, etc. Washington, D.C.
Name of publisher, distributor, etc. World Bank
Date of publication, distribution, etc. 2003
300 ## - PHYSICAL DESCRIPTION
Extent 54p.
440 ## - SERIES STATEMENT/ADDED ENTRY--TITLE
Title Policy research working paper; no. 2998
700 ## - ADDED ENTRY--PERSONAL NAME
Personal name Cartwright, Jennifer
700 ## - ADDED ENTRY--PERSONAL NAME
Personal name Khandker, Shahidur R.
Holdings
Withdrawn status Lost status Damaged status Not for loan Permanent Location Current Location Date acquired Barcode Date last seen Price effective from Koha item type
        Indian Institute of Public Administration Indian Institute of Public Administration 2003-07-31 WB9600 2018-07-20 2018-07-20 WB

Powered by Koha